000 00606nam a22002057a 4500
999 _c16651
_d16651
003 AR-CdUCM
008 190504b ||||| |||| 00| 0 spa d
040 _aMUNICIPALIDAD PROVINCIAL DEL CUSCO
_cBIBLIOTECA MUNICIPAL DEL CUSCO
082 _a940.3 /
_bM16
100 _aMaguid, J
_936224
245 _aTodos, ahora, contra la guerra /
260 _aBuenos Aires :
_bEdiciones Nervio,
_c1955.
300 _a121 paginas :
_c18 cm.
500 _aHistoria y geografia
650 _aHistoria
_9136
650 _aLiteratura
_983
650 _aGuerra
_91007
942 _2ddc
_cLIBROS
945 _apjha
_d2019-05-04